| 000 | 00749nam a22001817a 4500 | ||
|---|---|---|---|
| 003 | BD-DhUL | ||
| 005 | 20180527123609.0 | ||
| 008 | 180527s1987 bg ||||| |||| 00| 0 ben d | ||
| 040 |
_aBD-DhUL _cBD-DhUL |
||
| 082 |
_a891.44309 _bAKR |
||
| 100 | 1 | _aআকরাম হোসেন,সৈয়দ | |
| 245 | 1 | 0 |
_aরবীন্দ্রনাথের উপন্যাস : _bচেতনালোক ও শিল্পরুপ / _cসৈয়দ আকরাম হোসেন |
| 260 |
_aঢাকা : _bঢাকা বিশ্ববিদ্যালয়, _c১৯৮১ |
||
| 300 |
_a৩৮৬ পৃ. ; _c২১ সেমি. |
||
| 650 | 4 | _aবাংলা উপন্যাস | |
| 650 | 4 | _aBengali fiction | |
| 942 |
_2ddc _cBK |
||
| 999 |
_c241602 _d241602 |
||